| 000 | 00339 a2200109 4500 | ||
|---|---|---|---|
| 001 | ART_50038 | ||
| 005 | 20260410161730.0 | ||
| 008 | 260409a | ||
| 245 | 1 | 0 | _aLas potestades locales y el Sistema Nacional de Aeropuertos |
| 100 | 1 | _aVincenti, Rogelio W. | |
| 773 | 0 |
_tLecciones y ensayos _g- NÂș 79 (ene. 2004) _wREV2658 |
|
| 999 |
_c17757 _d17757 |
||